International Trade Institutions

Saved in:
Bibliographic Details
Main Author: Lanjouw, G.J
Format: Book
Language:English
Published: London Longman 1996
Edition:1. ed.
Subjects:
Tags: Add Tag
No Tags, Be the first to tag this record!

MARC

LEADER 00000nam a2200000 4500
001 c014199
005 20221205125327.1
020 |a 0-582-27764-7 
041 0 |a eng 
044 |a GB 
245 1 0 |a International Trade Institutions  |c G.J. Lanjouw 
250 |a 1. ed. 
264 1 |a London  |b Longman  |c 1996 
300 |a 100 s. 
610 2 0 |a obchod medzinárodný 
610 2 0 |a organizácie medzinárodné 
610 2 0 |a OZO 
100 1 |a Lanjouw, G.J.